000 00612cam a22002173a 4500
001 43239
003 PGUSA
005 20140828084001.0
008 130717s2013||||xxu|||||s|||||000 | eng d
040 _aPGUSA
_beng
042 _adc
050 4 _aAP
245 1 0 _aL'Illustration, No. 0051, 17 Février 1844
_h[electronic resource] /
_cVarious
260 _bProject Gutenberg,
_c2013
506 _aPublic domain in the USA.
516 _aElectronic text
653 _aIllustrated periodicals -- France
830 0 _aProject Gutenberg
_v43239
856 4 0 _uhttp://www.gutenberg.org/ebooks/43239
942 _cEB
999 _c272490
_d272490